000 00605nam a2200205Ii 4500
003 JO-AjNU
008 230605s9999||||xx |||||||||||||| ||und||
017 _a1976/1969
040 _aJO-AjNU
_bara
_erda
_cJO-AjNU
041 _aara
050 1 4 _aPJ7828.K5.B53 1976
100 3 _aتأليف الحكيم،توفيق,
_eauthor
_910254
245 0 0 _aيجماليون
264 3 1 _aالقاهرة:مكتبة الآداب،1976
300 _a167ص
336 _atext
_btxt
_2rdacontent
337 _aunmediated
_bn
_2rdamedia
338 _avolume
_bnc
_2rdacarrier
650 4 _aالأدب العربي
_910255
999 _aA1713
_c5281
_d5281